000
00241nam a2200097Ia 4500
001
683131
005
20250826161432.0
008
250824s9999 xx 000 0 und d
245
0
_a
NUN MASALLARI
_c
NAZAN BEKİROĞLU
260
_b
TİMAŞ YAYINLARI
999
_c
683131
_d
683131